| 000 | 00880nam a2200301 a 4500 | ||
|---|---|---|---|
| 001 | 69074 | ||
| 003 | BD-RjUL | ||
| 005 | 20211209081839.0 | ||
| 008 | 170409s1991 nyu b 001 0 eng d | ||
| 020 | _a0471518506 | ||
| 020 | _a0471537322 (instructor'scopy) | ||
| 020 | _a047152266X (Studyguide) | ||
| 035 | _a(BD-RjUL)69285 | ||
| 040 |
_aBD-RjUL _beng _cBD-RjUL _dBD-RjUL |
||
| 041 | _aeng | ||
| 082 |
_a910 _223 _bBLG 1991 |
||
| 100 | 1 |
_aDe Blij, Harm J. _9161839 |
|
| 245 | 1 | 0 |
_aGeography : _b regions and concepts / _cH.J. De Blij and Peter O. Muller |
| 250 | _a6th ed | ||
| 260 |
_aChichester : _bWiley, _cc1991 |
||
| 300 |
_a638 p. : _bill. ; ; _c29 cm |
||
| 504 | _aIncludes bibliographical references | ||
| 505 | 0 | _aMain work - Study guide | |
| 650 | 0 |
_aGeography _9204634 |
|
| 700 | 1 |
_aMuller, Peter O. _9162173 |
|
| 942 |
_2ddc _cBK |
||
| 999 |
_c69074 _d69074 |
||